[Event "Moscow op (Women)"]
[Site "Moscow"]
[Date "2012.01.31"]
[Round "4"]
[White "Enkhtuul, Altanulzii"]
[Black "Alieva, Nurlana"]
[Result "1-0"]
[WhiteElo "2211"]
[BlackElo "1973"]
[PlyCount "94"]
[EventDate "2012.01.28"]
[EventType "swiss"]
[EventRounds "9"]
[EventCountry "RUS"]
[SourceTitle "CBM 146 Extra"]
[Source "ChessBase"]
[SourceDate "2012.02.29"]
[SourceVersion "1"]
[SourceVersionDate "2012.02.29"]
[SourceQuality "1"]

1. Nf3 d5 2. g3 e6 3. Bg2 Nf6 4. 0-0 Be7 5. c4 0-0 6. d4 b6 7. Bf4 Bb7 8. Qc2 Nh5 9. Bd2 Nd7 10. Rd1 Rc8 11. Qa4 a6 12. Ne5 Nhf6 13. Nc3 c6 14. Nxd7 Qxd7 15. Qb3 b5 16. c5 a5 17. Qc2 Ba6 18. e4 dxe4 19. Nxe4 Nxe4 20. Qxe4 a4 21. a3 Rfd8 22. Ba5 Re8 23. Re1 Bd8 24. Bc3 Bf6 25. Rad1 Qc7 26. Qg4 Qe7 27. h4 Bb7 28. h5 Rcd8 29. f4 Qc7 30. Kh2 Bc8 31. Qf3 Bd7 32. h6 gxh6 33. d5 Bxc3 34. d6 Qa5 35. bxc3 Kh8 36. Qd3 Rg8 37. Qd4+ Rg7 38. f5 Rdg8 39. fxe6 fxe6 40. Bh3 Re8 41. Qf6 Qa7 42. Re5 Qb8 43. Rf1 Kg8 44. Rf4 Qc8 45. Qxh6 Rg6 46. Rg5 Rxg5 47. Qxg5+ Kh8 1-0

[Event "Moscow-ch U18"]
[Site "Moscow"]
[Date "2010.11.22"]
[Round "2"]
[White "Alieva, Nurlana"]
[Black "Grigoryeva, Olga A"]
[Result "1/2-1/2"]
[WhiteElo "1987"]
[BlackElo "2054"]
[PlyCount "69"]
[EventDate "2010.11.21"]
[EventType "swiss"]
[EventRounds "9"]
[EventCountry "RUS"]
[SourceTitle "EXT 2012"]
[Source "ChessBase"]
[SourceDate "2011.11.24"]
[SourceVersion "1"]
[SourceVersionDate "2011.11.24"]
[SourceQuality "1"]

1. e4 c5 2. d3 Nc6 3. Be2 d6 4. f4 g6 5. Nf3 Bg7 6. 0-0 e6 7. c3 Nge7 8. Na3 0-0 9. Nc2 Rb8 10. Be3 b5 11. d4 cxd4 12. Ncxd4 Nxd4 13. Bxd4 Bxd4+ 14. Nxd4 b4 15. Kh1 bxc3 16. bxc3 Qa5 17. Qc2 Bd7 18. Rab1 Ba4 19. Qd3 Rxb1 20. Rxb1 d5 21. Bg4 dxe4 22. Qxe4 Qd5 23. Qe2 Nf5 24. Bxf5 exf5 25. Qf2 Rc8 26. Rc1 Qc5 27. Qd2 Bb5 28. Nf3 Bc4 29. Ne5 Qa3 30. Rc2 Be6 31. h3 Qa5 32. Nf3 Qa3 33. Ne5 Qa5 34. Nf3 Qa3 35. Ne5 1/2-1/2

[Event "Moscow op-B"]
[Site "Moscow"]
[Date "2009.02.05"]
[Round "6"]
[White "Alieva, Nurlana"]
[Black "Chuprakov, Ruslan"]
[Result "1/2-1/2"]
[WhiteElo "1874"]
[BlackElo "1400"]
[PlyCount "66"]
[EventDate "2009.01.31"]
[EventType "swiss"]
[EventRounds "9"]
[EventCountry "RUS"]
[SourceTitle "EXT 2012"]
[Source "ChessBase"]
[SourceDate "2011.11.24"]
[SourceVersion "1"]
[SourceVersionDate "2011.11.24"]
[SourceQuality "1"]

1. e4 e6 2. Nc3 d5 3. Nf3 dxe4 4. Nxe4 Nd7 5. d4 Ngf6 6. Bg5 Be7 7. Nxf6+ Nxf6 8. Bd3 c5 9. dxc5 Bxc5 10. Qe2 0-0 11. Rd1 Qa5+ 12. c3 Be7 13. Bb1 b6 14. Bxf6 Bxf6 15. Qe4 g6 16. Qxa8 Ba6 17. Qe4 Rc8 18. Nd2 Rc5 19. Nb3 Bxc3+ 20. bxc3 Qxc3+ 21. Rd2 Re5 22. Qxe5 Qxe5+ 23. Kd1 Bb7 24. f3 Qf4 25. Re1 Qxh2 26. Be4 Ba6 27. Kc2 Qc7+ 28. Kb1 Kg7 29. Red1 Bb5 30. Nd4 Qc5 31. Bc2 a5 32. Nxb5 Qxb5+ 33. Kc1 Qb4 1/2-1/2